| 000 | 00930nam a2200229Ia 4500 | ||
|---|---|---|---|
| 001 | 17194 | ||
| 003 | GE_BSU | ||
| 008 | 181216s||||||||xx |||||||||||||| ||und|| | ||
| 040 | _cGE_BSU | ||
| 080 | _a821.161.1-32 | ||
| 100 | _aრიბაკოვი, ა. | ||
| 245 | _aდაშნა ; ბრინჯაოს ფრინველი | ||
| 245 | _bმოთხრობები | ||
| 245 | _cა. რიბაკოვი ; ს. ივანოვის ბოლოსიტყვაობით ; მთარგმნ.: ე. კეჭაღმაძე ; ილ.: ო. ვერეისკი და ი. ილინსკი | ||
| 260 | _aთბილისი | ||
| 260 | _bნაკადული | ||
| 260 | _c1962 | ||
| 300 | _a535 გვ. : ილ. ; 21 სმ | ||
| 653 | _aდაშნა ; ბრინჯაოს ფრინველი | ||
| 653 | _aმოთხრობები | ||
| 942 | _cBK | ||
| 999 |
_c50256 _d50256 |
||